[Event "AUTO-MASTER-1885"]
[Site "http://www.queenalice.com/game.php?id=1187910"]
[Date "2013.6.4"]
[Round "1"]
[White "hudd"]
[Black "GildemarSantos"]
[Result "1-0"]
[WhiteElo "1996"]
[BlackElo "2021"]

1. e4 d5 2. exd5 Qxd5 3. Nc3 Qd8 4. Nf3 Nf6 5. d4 e6 6. Be2 Bb4 7. Bd2 O-O 8.
O-O Nc6 9. Be1 b6 10. a3 Be7 11. Bb5 1-0

[Event "AUTO-MASTER-1885"]
[Site "http://www.queenalice.com/game.php?id=1187911"]
[Date "2013.6.4"]
[Round "1"]
[White "GildemarSantos"]
[Black "hudd"]
[Result "0-1"]
[WhiteElo "2040"]
[BlackElo "1977"]

1. d4 d5 2. c4 e6 3. e3 c6 4. Nc3 Bb4 5. Qc2 Nf6 6. Bd3 O-O 7. Nf3 h6 8. a3
Bxc3+ 9. Qxc3 b6 10. O-O Bb7 11. b4 Na6 0-1

[Event "AUTO-ADV-2836"]
[Site "http://www.queenalice.com/game.php?id=1226518"]
[Date "2013.10.23"]
[Round "2"]
[White "hudd"]
[Black "CNJEDUARDO"]
[Result "0-1"]
[WhiteElo "2018"]
[BlackElo "1999"]

1. e4 b6 2. d4 e6 3. Nf3 Bb7 4. e5 h6 5. Be2 c5 6. c3 d5 7. O-O Ne7 8. Na3 Nec6
9. Bb5 cxd4 10. cxd4 Be7 11. b3 a6 12. Bd3 b5 13. Nc2 Nb4 14. a4 Nxd3 15. Qxd3
b4 16. Bd2 a5 17. Rfe1 Ba6 18. Qe3 O-O 19. Red1 Nc6 20. Nce1 Qb6 21. Nd3 Rfc8
22. Nb2 Rc7 23. Ne1 Nxd4 24. Kh1 Bc5 25. Qg3 Nf5 26. Qf3 Bb7 27. Ned3 Bd4 28.
Rac1 Rac8 29. h3 Bc3 30. Be3 Nxe3 31. Qxe3 d4 32. Qe2 Qc6 33. f3 Ba6 34. Qf2 Qd5
35. Qc2 Bxb2 36. Qxb2 Rc3 37. Nf2 Qxe5 38. Qb1 Qe2 39. Rxc3 dxc3 40. Rc1 Qxf2
41. Qc2 Qxc2 42. Rxc2 Bd3 43. Rc1 c2 44. g4 Rc3 0-1

[Event "AUTO-ADV-2836"]
[Site "http://www.queenalice.com/game.php?id=1226519"]
[Date "2013.10.23"]
[Round "2"]
[White "CNJEDUARDO"]
[Black "hudd"]
[Result "0-1"]
[WhiteElo "2083"]
[BlackElo "2011"]

1. e4 e5 2. Nf3 d6 3. d4 exd4 4. Qxd4 Nc6 5. Bb5 Bd7 6. Qc3 a6 7. Bc4 b5 8. Bd5
Nge7 9. Bg5 f6 10. Bh4 Nxd5 11. exd5 Qe7+ 12. Qe3 Qxe3+ 13. fxe3 Nb4 14. Na3
Nxd5 15. O-O-O Nb6 16. c3 O-O-O 17. Rhe1 g5 18. Bg3 d5 19. Nc2 Bg4 20. Rd4 Bxf3
21. gxf3 h5 22. h4 Na4 23. e4 c6 24. exd5 Bc5 25. Rde4 Rxd5 26. Re6 gxh4 27.
Bxh4 Rd6 28. Rxd6 Bxd6 29. Bxf6 Rf8 30. Bg5 Rxf3 31. Re8+ Kb7 32. Nd4 Rf1+ 33.
Kc2 Rf2+ 34. Re2 Rxe2+ 35. Nxe2 Nc5 36. Bh4 Ne6 37. Kd3 Nf4+ 38. Nxf4 Bxf4 39.
b3 c5 40. Ke4 Bd2 41. c4 Kc6 42. Ke5 Be3 43. Ke6 Kb6 44. Kd5 Ka5 45. Be1+ Kb6
46. Bh4 Kc7 47. Bg3+ Kd7 48. Bh4 bxc4 49. Kxc4 Kd6 50. a4 Ke5 51. Be7 Bf2 52.
Kd3 Kf4 53. Bd6+ Kf3 54. Be7 Kf4 55. Kc4 Kg4 56. Bd6 h4 57. a5 h3 58. Kd3 Bg3
59. Bxc5 h2 0-1

[Event "AUTO-MASTER-2040"]
[Site "http://www.queenalice.com/game.php?id=1258651"]
[Date "2014.2.21"]
[Round "1"]
[White "hudd"]
[Black "ChessColossos"]
[Result "1-0"]
[WhiteElo "2004"]
[BlackElo "1832"]

1. e4 e5 2. Nf3 Nc6 3. Bb5 a6 4. Bxc6 dxc6 5. O-O Bg4 6. d3 Bd6 7. c3 Nf6 8. h3
Bxf3 9. Qxf3 Qe7 10. Bg5 O-O 11. Bxf6 Qxf6 12. Qxf6 gxf6 13. Nd2 Bc5 14. Nc4
Rfd8 15. Rfd1 Rd7 16. b4 Ba7 17. Na5 Rb8 18. a4 Bb6 19. Nc4 Ba7 20. a5 Bxf2+ 21.
Kxf2 1-0

[Event "AUTO-MASTER-2040"]
[Site "http://www.queenalice.com/game.php?id=1258652"]
[Date "2014.2.21"]
[Round "1"]
[White "ChessColossos"]
[Black "hudd"]
[Result "0-1"]
[WhiteElo "1842"]
[BlackElo "1994"]

1. e4 e5 2. f4 exf4 3. Qg4 g5 4. Nc3 d6 5. Qh5 Be6 6. h4 Bh6 7. d4 Qe7 8. Nge2
Na6 9. a3 O-O-O 10. hxg5 Qxg5 11. Bxf4 Qxh5 12. Rxh5 Bxf4 13. Nxf4 Nf6 14. Ra5
Nb8 15. Rxa7 Rde8 16. Nxe6 Nxe4 17. Ng7 Nxc3+ 18. Kd2 Ne4+ 19. Kd3 Nf2+ 20. Kc4
Rd8 0-1

[Event "AUTO-MASTER-2040"]
[Site "http://www.queenalice.com/game.php?id=1258653"]
[Date "2014.2.21"]
[Round "1"]
[White "hudd"]
[Black "jacconsultoria"]
[Result "0-1"]
[WhiteElo "2030"]
[BlackElo "1993"]

1. e4 e6 2. Nf3 b6 3. d4 Bb7 4. Bd3 d6 5. O-O Nf6 6. Nc3 Nbd7 7. Be3 Be7 8. a3
c5 9. dxc5 dxc5 10. Bb5 O-O 11. Bxd7 Qxd7 12. Qxd7 Nxd7 13. Rad1 Rfd8 14. Rfe1
Nf6 15. Bg5 h6 16. Bxf6 Bxf6 17. Nd2 g6 18. Na4 Rd4 19. b3 Rad8 20. Re2 Bg5 21.
c3 Rxd2 22. Rexd2 Rxd2 23. Rxd2 Bxd2 24. b4 Bc6 25. Nb2 Bxc3 26. Nd1 cxb4 27.
axb4 Bxb4 28. f3 a5 29. Ne3 Bc5 30. Kf2 a4 31. Ke2 Bxe3 0-1

[Event "AUTO-MASTER-2040"]
[Site "http://www.queenalice.com/game.php?id=1258654"]
[Date "2014.2.21"]
[Round "1"]
[White "jacconsultoria"]
[Black "hudd"]
[Result "1/2-1/2"]
[WhiteElo "2001"]
[BlackElo "2013"]

1. c4 b6 2. d4 e6 3. e4 Bb7 4. Nc3 Bb4 5. f3 Bxc3+ 6. bxc3 d6 7. Bd3 Nf6 8. Bg5
h6 9. Bh4 e5 10. Ne2 c6 11. O-O O-O 12. a4 c5 13. d5 Nbd7 14. Qd2 g5 15. Bf2 Nh5
16. Be3 f6 17. g4 Ng7 18. Ng3 a5 19. Kg2 Qe8 20. Rh1 h5 21. h3 h4 22. Nf5 Nxf5
23. gxf5 Rf7 24. Kf2 Rg7 25. Rhg1 Qh5 26. Rg4 Kf7 27. Rag1 Rag8 28. Ke1 Nf8 29.
Qb2 Nd7 1/2-1/2

[Event "AUTO-MASTER-2040"]
[Site "http://www.queenalice.com/game.php?id=1258655"]
[Date "2014.2.21"]
[Round "1"]
[White "hudd"]
[Black "Apatride"]
[Result "0-1"]
[WhiteElo "2013"]
[BlackElo "2659"]

1. e4 e5 2. Nf3 Nc6 3. Bb5 a6 4. Bxc6 dxc6 5. O-O Bg4 6. h3 Bh5 7. b3 Qf6 8. d3
b6 9. Nbd2 Bb4 10. a3 Bc3 11. Ra2 Bxd2 12. Bxd2 Bxf3 13. Qxf3 Qxf3 14. gxf3
O-O-O 15. f4 Nf6 16. fxe5 Nxe4 17. Be3 Nc3 18. Raa1 Rhe8 19. Bg5 Ne2+ 20. Kg2
Rd5 21. f4 Nd4 22. c4 Rd7 23. Rab1 Nf5 24. Kf3 h6 25. h4 hxg5 26. hxg5 Red8 27.
Rfd1 Rd4 28. Rb2 g6 29. Rbd2 Rh8 30. b4 Rh3+ 31. Kg2 Rg3+ 32. Kh1 Rxf4 33. Rh2
Nh4 0-1

[Event "AUTO-MASTER-2040"]
[Site "http://www.queenalice.com/game.php?id=1258656"]
[Date "2014.2.21"]
[Round "1"]
[White "Apatride"]
[Black "hudd"]
[Result "1-0"]
[WhiteElo "2477"]
[BlackElo "1996"]

1. d4 Nf6 2. c4 e6 3. Nc3 Bb4 4. e3 Bxc3+ 5. bxc3 O-O 6. c5 Nc6 7. Rb1 d5 8. Nf3
Ne4 9. Qc2 Qf6 10. Bd3 g6 11. O-O Ng5 12. Ne5 Nxe5 13. dxe5 Qe7 14. Ba3 Qd8 15.
c6 b6 16. f4 Ne4 17. Bxe4 dxe4 18. Rbd1 Qe8 19. Qxe4 Ba6 20. Rfe1 Bb5 21. Rd7
Rc8 22. Rb1 Be2 23. Rb2 Bg4 24. Rbd2 f5 25. exf6 Rxf6 26. Qe5 Rf7 27. c4 a6 28.
Bb2 1-0

[Event "AUTO-OPEN-3244"]
[Site "http://www.queenalice.com/game.php?id=1277837"]
[Date "2014.5.1"]
[Round "1"]
[White "Marcelo_Smilov"]
[Black "hudd"]
[Result "1-0"]
[WhiteElo "2090"]
[BlackElo "1952"]

1. d4 Nf6 2. c4 e6 3. Nc3 Bb4 4. Nf3 Ne4 5. Bd2 Nxc3 6. Bxc3 Bxc3+ 7. bxc3 O-O
8. e4 d6 9. Bd3 b6 10. d5 Qf6 11. Qd2 h6 12. O-O c5 13. a4 a5 14. Rab1 Ra6 15.
h3 exd5 16. cxd5 Ra7 17. Rxb6 Rb7 18. Rxb7 Bxb7 19. Rb1 Ba6 20. Bxa6 Nxa6 21.
Qd3 Nc7 22. Rb7 Qe7 23. Nd2 f6 24. Qc2 f5 25. c4 fxe4 26. Qxe4 Qf6 27. Nf3 Rf7
28. Qg4 Ne8 29. Rxf7 Kxf7 30. Qd7+ Kf8 31. Qb5 Qc3 32. Kh2 Nf6 33. Qb8+ Ke7 34.
Qb7+ Kf8 35. Qc8+ Ne8 36. Qa6 1-0

[Event "AUTO-OPEN-3244"]
[Site "http://www.queenalice.com/game.php?id=1277838"]
[Date "2014.5.1"]
[Round "1"]
[White "hudd"]
[Black "Marcelo_Smilov"]
[Result "1-0"]
[WhiteElo "2013"]
[BlackElo "2067"]

1. e4 e6 2. Nf3 d5 3. exd5 exd5 4. c4 Nf6 5. d4 Bb4+ 6. Bd2 Bxd2+ 7. Nbxd2 Bg4
8. Be2 O-O 9. c5 Re8 10. O-O Nc6 11. h3 Bxf3 12. Nxf3 b6 13. Bb5 Qd7 14. Ne5
Rxe5 15. dxe5 Ne4 16. Qa4 1-0

[Event "AUTO-OPEN-3244"]
[Site "http://www.queenalice.com/game.php?id=1277859"]
[Date "2014.5.1"]
[Round "1"]
[White "hudd"]
[Black "Narizinho"]
[Result "0-1"]
[WhiteElo "1986"]
[BlackElo "1382"]

1. e4 e5 2. Nf3 Nf6 3. d3 Nc6 4. Nc3 Bb4 5. Bd2 O-O 6. a3 Be7 7. b4 b6 8. b5 Nb8
9. Nxe5 d6 10. Nf3 Nbd7 11. d4 c5 12. bxc6 Nb8 13. d5 Na6 14. Bd3 Bg4 15. Bxa6
Qb8 16. Bb7 a5 17. Bxa8 Qxa8 18. Be3 Qb8 19. Rb1 b5 20. Rxb5 a4 0-1

[Event "AUTO-OPEN-3244"]
[Site "http://www.queenalice.com/game.php?id=1277860"]
[Date "2014.5.1"]
[Round "1"]
[White "Narizinho"]
[Black "hudd"]
[Result "1-0"]
[WhiteElo "1352"]
[BlackElo "2016"]

1. e4 e5 2. Nf3 Nc6 3. Nc3 Bb4 4. Bb5 Bxc3 5. dxc3 d6 6. O-O Bd7 7. Bg5 Nf6 8.
a3 a6 9. Be2 h6 10. Bd2 Nxe4 11. b4 O-O 12. Bd3 Nxd2 13. Qxd2 f5 14. c4 e4 15.
b5 Ne7 16. bxa6 exd3 17. cxd3 Rxa6 18. d4 c5 19. dxc5 dxc5 20. a4 1-0

[Event "AUTO-OPEN-3244"]
[Site "http://www.queenalice.com/game.php?id=1277861"]
[Date "2014.5.1"]
[Round "1"]
[White "hudd"]
[Black "Gabriel_HD"]
[Result "1-0"]
[WhiteElo "1942"]
[BlackElo "1732"]

1. e4 e5 2. Nf3 Nc6 3. Bb5 Bc5 4. Bxc6 dxc6 5. Nxe5 Qd4 6. Nd3 Qxe4+ 7. Qe2
Qxe2+ 8. Kxe2 Bb6 9. Re1 Nf6 10. Kf1+ Kf8 11. b3 Bf5 12. Ba3+ Kg8 13. Bc5 Bxc5
14. Nxc5 Bxc2 15. Nxb7 h5 16. Nc3 h4 17. h3 Rh6 18. Re7 Nd5 19. Nxd5 cxd5 20.
Rxc7 Bd3+ 21. Kg1 1-0

[Event "AUTO-OPEN-3244"]
[Site "http://www.queenalice.com/game.php?id=1277862"]
[Date "2014.5.1"]
[Round "1"]
[White "Gabriel_HD"]
[Black "hudd"]
[Result "1-0"]
[WhiteElo "2063"]
[BlackElo "2031"]

1. e4 e5 2. Nf3 d6 3. Nc3 Nf6 4. d4 Bg4 5. d5 Be7 6. Bb5+ c6 7. dxc6 bxc6 8. Ba4
O-O 9. Bg5 h6 10. Bxf6 Bxf6 11. Qd3 Be6 12. O-O d5 13. exd5 cxd5 14. Qd2 d4 15.
Ne4 1-0

[Event "Challenge"]
[Site "http://www.queenalice.com/game.php?id=1290054"]
[Date "2014.6.23"]
[Round "-"]
[White "jpribeiro"]
[Black "hudd"]
[Result "0-1"]
[WhiteElo "2025"]
[BlackElo "1950"]

1. e4 e5 2. Nf3 Nc6 3. Bb5 d6 4. d4 exd4 5. Nxd4 Bd7 6. Nxc6 Bxc6 7. Bxc6+ bxc6
8. O-O Nf6 9. Bg5 h6 10. Bh4 Be7 11. Bxf6 Bxf6 12. c3 O-O 13. Nd2 Rb8 14. Nb3
Be5 15. f4 Bf6 16. Nd4 Bxd4+ 17. Qxd4 c5 18. Qd2 c6 19. Rfd1 Qe7 20. Qxd6 Qxe4
21. Qxc5 Rxb2 0-1